00325nam a2200109Ia 4500082001900000245003300019260006200052300001600114650003400130650003300164700001800197 aRR 959.05 SOU- 0aSouthEast Asian affairs 1993 aPasir PanjangbInstitute of SouthEast Asian Studiesc1993 axvii, 372p. aSouth East Asian affairs 1993 aAsia, SouthEastern - History aSingh, Daljit